| 000 -LEADER |
| fixed length control field |
01730nam a2200265 a 4500 |
| 001 - CONTROL NUMBER |
| control field |
ASIN158423539X |
| 003 - CONTROL NUMBER IDENTIFIER |
| control field |
OSt |
| 005 - DATE AND TIME OF LATEST TRANSACTION |
| control field |
20180116192424.0 |
| 008 - FIXED-LENGTH DATA ELEMENTS--GENERAL INFORMATION |
| fixed length control field |
140828s2014 xxu eng d |
| 020 ## - INTERNATIONAL STANDARD BOOK NUMBER |
| International Standard Book Number |
158423539X (paperback) |
| 020 ## - INTERNATIONAL STANDARD BOOK NUMBER |
| International Standard Book Number |
9781584235392 (paperback) |
| 040 ## - CATALOGING SOURCE |
| Transcribing agency |
sada |
| 050 04 - LIBRARY OF CONGRESS CALL NUMBER |
| Classification number |
HF5770 |
| 082 ## - DEWEY DECIMAL CLASSIFICATION NUMBER |
| Classification number |
688.8068 |
| Author Mark |
ABE 2014 |
| 100 1# - MAIN ENTRY--PERSONAL NAME |
| Personal name |
Abellan, Miquel. |
| 9 (RLIN) |
7764 |
| 245 10 - TITLE STATEMENT |
| Title |
Fun packaging / |
| Statement of responsibility, etc. |
by Miquel Abellan. |
| 250 ## - EDITION STATEMENT |
| Edition statement |
Bilingual ed. |
| 260 ## - PUBLICATION, DISTRIBUTION, ETC. |
| Place of publication, distribution, etc. |
[S.l.] : |
| Name of publisher, distributor, etc. |
Gingko Press Inc., |
| Date of publication, distribution, etc. |
2014. |
| 300 ## - PHYSICAL DESCRIPTION |
| Extent |
192 p. ; |
| Dimensions |
24 cm. |
| 520 ## - SUMMARY, ETC. |
| Summary, etc. |
Fun Packaging collects quirky, eye-catching examples of the best bottles, tins, boxes, and bags along with other inventive packaging concepts. While many blue-chip brands rely on consistent marks and reassuring blandness, there's a new ecosystem of companies and products speaking an entirely different language with their packaging. Whether sharp and refined, rude and crude, or cute and friendly, these products jump off the shelves by portraying brand personalities. Notable entries include a Greta Garbo inspired whiskey label, Food Finish, the world's first food coloring in a spray can, high definition labels for fresh fish and a cookbook made of pasta. Designers from around the world include Neumeister Design, Studio Lost & Found, Studio mLlongo, Bayley Design, Beetroot Design Group, The Creative Method, Bessermachen Design Studio, Reynolds & Reyner, Mousegraphics, P&W Design Consultants, lg2boutique, Lun Yau, Fresh Chicken, Andre Zaragoza, Yevgeny Razumov and more. |
| 650 #0 - SUBJECT ADDED ENTRY--TOPICAL TERM |
| Topical term or geographic name entry element |
Consumer goods |
| 9 (RLIN) |
7765 |
| 650 #0 - SUBJECT ADDED ENTRY--TOPICAL TERM |
| Topical term or geographic name entry element |
Packaging |
| 9 (RLIN) |
7766 |
| 856 40 - ELECTRONIC LOCATION AND ACCESS |
| Materials specified |
Amazon.com |
| Uniform Resource Identifier |
<a href="http://www.amazon.com/exec/obidos/ASIN/158423539X/chopaconline-20">http://www.amazon.com/exec/obidos/ASIN/158423539X/chopaconline-20</a> |
| 942 ## - ADDED ENTRY ELEMENTS (KOHA) |
| Source of classification or shelving scheme |
|
| Koha item type |
Book |